[Event "FRA-chT2 0910"]
[Site "France"]
[Date "2009.11.22"]
[Round "4.4"]
[White "Le Hay, Thierry"]
[Black "Houriez, Alain"]
[Result "1/2-1/2"]
[WhiteElo "2141"]
[BlackElo "2093"]
[PlyCount "135"]
[EventDate "2009.09.27"]
[EventType "team"]
[EventRounds "11"]
[EventCountry "FRA"]
[Source "ChessBase"]
[SourceDate "2010.03.11"]

1. d4 g6 2. Nf3 Bg7 3. c4 d6 4. Nc3 Nc6 5. d5 Nb8 6. h3 Nf6 7. e4 O-O 8. Be2 e5
9. O-O Nh5 10. Re1 Nf4 11. Bf1 f5 12. Bxf4 exf4 13. e5 dxe5 14. Nxe5 Nd7 15.
Nd3 g5 16. h4 Nf6 17. hxg5 Ng4 18. Qf3 Qxg5 19. Qxf4 Qh4 20. Ne2 Bd7 21. Qg3
Qh6 22. Nef4 Rae8 23. Qh3 Qg5 24. Qh5 Qf6 25. Rad1 Qd4 26. b3 Nxf2 27. Nxf2
Qxf4 28. Qh2 Qxh2+ 29. Kxh2 Be5+ 30. Kh1 Bg3 31. Kg1 h5 32. Be2 h4 33. Bh5
Rxe1+ 34. Rxe1 Bd6 35. Nd3 b6 36. Kf1 Kg7 37. Ne5 Rh8 38. Nf7 Rxh5 39. Nxd6 Kf6
40. Ne8+ Bxe8 41. Rxe8 h3 42. gxh3 Rxh3 43. Kg2 Rh7 44. Kg3 Rg7+ 45. Kf4 Rg4+
46. Kf3 a5 47. Rf8+ Ke5 48. Re8+ Kd6 49. Re6+ Kd7 50. Rf6 Rg5 51. Rf7+ Kc8 52.
Rf8+ Kd7 53. Rf7+ Kd8 54. Rf6 Rh5 55. Kf4 a4 56. Rf8+ Kd7 57. Ra8 axb3 58. axb3
Rh3 59. Kxf5 Rxb3 60. Ke5 Rb4 61. Kd4 b5 62. Kc5 Rxc4+ 63. Kxb5 Rc1 64. Ra6 Rc2
65. Rh6 Rc1 66. Ra6 Kc8 67. Rh6 Kb7 68. Rg6 1/2-1/2

[Event "FRA-chT2 0910"]
[Site "France"]
[Date "2009.11.22"]
[Round "4.4"]
[White "Luminais, Eric"]
[Black "Daumens, Michel"]
[Result "0-1"]
[WhiteElo "2183"]
[BlackElo "2134"]
[PlyCount "112"]
[EventDate "2009.09.27"]
[EventType "team"]
[EventRounds "11"]
[EventCountry "FRA"]
[Source "ChessBase"]
[SourceDate "2010.03.11"]

1. c4 Nf6 2. Nf3 e6 3. e3 d5 4. Nc3 c6 5. Be2 Bd6 6. d4 Nbd7 7. Qc2 O-O 8. O-O
Re8 9. Rd1 b6 10. e4 dxe4 11. Ng5 Qc7 12. g3 e5 13. d5 Bb7 14. Ngxe4 Nxe4 15.
Nxe4 cxd5 16. Nxd6 Qxd6 17. cxd5 Rac8 18. Qa4 Rc5 19. Qa3 Qc7 20. Be3 Rxd5 21.
Rxd5 Bxd5 22. Rc1 Qb8 23. Ba6 Nf8 24. b4 Rd8 25. Qb2 Ne6 26. a4 Bf3 27. Qc3 Ba8
28. a5 Qd6 29. Qc4 Nd4 30. Bxd4 exd4 31. axb6 axb6 32. Bb5 g6 33. Bc6 Bxc6 34.
Qxc6 Qxb4 35. Qc7 Qd6 36. Kf1 Kg7 37. Qxd6 Rxd6 38. Ke2 Kf6 39. Kd3 h5 40. Rc7
Ke6 41. h4 f6 42. f3 Kd5 43. g4 Rc6 44. Rd7+ Ke6 45. Rh7 Rc3+ 46. Ke4 hxg4 47.
fxg4 Rh3 48. Rb7 Rxh4 49. Rxb6+ Kf7 50. Rb7+ Kg8 51. Kf3 Rh7 52. Rb8+ Kg7 53.
Rd8 Rh3+ 54. Kf4 g5+ 55. Ke4 Rg3 56. Kf5 Rf3+ 0-1

[Event "FRA-chT2 0910"]
[Site "France"]
[Date "2009.11.22"]
[Round "4.4"]
[White "Mandarin, Vitomir"]
[Black "Fournet, Arnaud"]
[Result "1/2-1/2"]
[WhiteElo "2165"]
[BlackElo "2203"]
[PlyCount "136"]
[EventDate "2009.09.27"]
[EventType "team"]
[EventRounds "11"]
[EventCountry "FRA"]
[Source "ChessBase"]
[SourceDate "2010.03.11"]

1. Nf3 Nf6 2. d4 d5 3. e3 g6 4. Bd3 Bg7 5. Nbd2 c5 6. c3 cxd4 7. exd4 O-O 8.
O-O b6 9. Re1 e6 10. Nf1 Ba6 11. Bxa6 Nxa6 12. Ng3 b5 13. Qe2 Qb6 14. a3 Nc7
15. Ne5 Rfd8 16. Qf3 Nce8 17. Bg5 h6 18. Bd2 Rac8 19. Re2 Rc7 20. Rae1 Kh7 21.
Nd3 Nd6 22. Nc5 Nc4 23. Bc1 e5 24. dxe5 Nxe5 25. Rxe5 Qxc5 26. h4 Qc4 27. Bf4
Rcd7 28. Re7 d4 29. Rxd7 Nxd7 30. cxd4 Qxd4 31. Bc7 Rf8 32. Rd1 Ne5 33. Qe2 Qc4
34. Bxe5 Qxe2 35. Nxe2 Bxe5 36. Rd5 Bxb2 37. Rxb5 Bxa3 38. Ra5 Be7 39. Rxa7
Bxh4 40. g3 Bf6 41. Nf4 Kg8 42. Nd5 Bd4 43. Ra4 Be5 44. Re4 Bg7 45. Kg2 Rd8 46.
Nf4 Bf6 47. Ne2 Kg7 48. Ra4 Rd2 49. Kf3 h5 50. Nf4 Bd4 51. Ne2 Bf6 52. Nf4 Rd7
53. Ra5 Kh6 54. Nd5 Bd8 55. Rb5 g5 56. Rc5 Rd6 57. Rb5 f5 58. Ne3 g4+ 59. Kg2
Kg6 60. Nxf5 Rd2 61. Ne3 Bf6 62. Rb6 Kg5 63. Rb5+ Kg6 64. Nf1 Ra2 65. Rd5 h4
66. gxh4 Bxh4 67. Ng3 Bxg3 68. Kxg3 Ra4 1/2-1/2

[Event "FRA-chT2 0910"]
[Site "France"]
[Date "2009.11.22"]
[Round "4.4"]
[White "Mueller, Reinhold"]
[Black "Schulz, Vladimir"]
[Result "1-0"]
[WhiteElo "2270"]
[BlackElo "2166"]
[PlyCount "113"]
[EventDate "2009.09.27"]
[EventType "team"]
[EventRounds "11"]
[EventCountry "FRA"]
[Source "ChessBase"]
[SourceDate "2010.03.11"]

1. d4 Nf6 2. c4 g6 3. Nc3 d5 4. Nf3 Bg7 5. Qb3 dxc4 6. Qxc4 O-O 7. e4 a6 8. e5
b5 9. Qb3 Be6 10. exf6 Bxb3 11. fxg7 Kxg7 12. axb3 Nc6 13. Be3 Nb4 14. Rc1 Qd7
15. Be2 Qe6 16. Nd2 f5 17. d5 Nxd5 18. Nxd5 Qxd5 19. Bf3 Qe6 20. O-O Rad8 21.
Rfe1 Qf6 22. Bf4 Kg8 23. Rxc7 g5 24. Be5 Qe6 25. Nf1 Qxb3 26. Bc3 e5 27. Rxe5
Rf7 28. Rxf7 Qxf7 29. Ne3 b4 30. Bxb4 Qa2 31. Bc3 Qb1+ 32. Nf1 g4 33. Bd5+ Kf8
34. Bb3 h5 35. g3 Rb8 36. Be6 Rb5 37. Re1 Qd3 38. Ne3 h4 39. Bc4 Qe4 40. Bxb5
axb5 41. Ng2 Qc4 42. Nxh4 b4 43. Be5 Qd3 44. Ng6+ Kf7 45. Nf4 Qd2 46. Ra1 Qd7
47. h4 gxh3 48. Nxh3 Kg6 49. Rc1 Kh5 50. Rc4 Qd1+ 51. Kh2 Qe1 52. Nf4+ Kg5 53.
Nd3 Qe2 54. Rd4 b3 55. Kg2 Qc2 56. Rd6 Qc4 57. Bf4+ 1-0

[Event "FRA-chT2 0910"]
[Site "France"]
[Date "2009.11.22"]
[Round "4.4"]
[White "Valette, Christian"]
[Black "Debeaune, Robin"]
[Result "1-0"]
[WhiteElo "2087"]
[BlackElo "2168"]
[PlyCount "153"]
[EventDate "2009.09.27"]
[EventType "team"]
[EventRounds "11"]
[EventCountry "FRA"]
[Source "ChessBase"]
[SourceDate "2010.03.11"]

1. Nf3 g6 2. d4 Bg7 3. c4 Nf6 4. g3 O-O 5. Bg2 d6 6. O-O c6 7. Nc3 Nbd7 8. Qc2
a6 9. h3 Rb8 10. Bg5 b5 11. Nd2 Bb7 12. Rfc1 h6 13. Be3 Nb6 14. b3 d5 15. Nd1
Rc8 16. Nb2 Ne8 17. Nf3 Nd7 18. cxd5 cxd5 19. Qd2 Kh7 20. Nd3 Nd6 21. Rxc8 Qxc8
22. Rc1 Qb8 23. Qb4 Rc8 24. Nc5 Nxc5 25. dxc5 Nf5 26. Bd2 e5 27. h4 Bc6 28. Bh3
Bd7 29. h5 Qc7 30. hxg6+ fxg6 31. Kg2 Qc6 32. Kh2 e4 33. Bxf5 Bxf5 34. Nd4 Qf6
35. Be3 Bg4 36. Qd2 Qe5 37. Kg2 h5 38. b4 Bf6 39. Nb3 h4 40. Bd4 h3+ 41. Kh2
Qf5 42. Qf4 Qxf4 43. gxf4 Bd8 44. e3 Bc7 45. Rg1 Bf5 46. Bf6 Rf8 47. Bg5 Ra8
48. Rd1 Be6 49. Nd4 Bc8 50. Be7 Kg7 51. Rc1 Kf7 52. Bg5 Bb8 53. Rc3 Ke8 54. Ra3
Ba7 55. Bf6 Kf7 56. Be5 g5 57. fxg5 Kg6 58. Rc3 Kxg5 59. Rc1 Bg4 60. Rg1 Kh5
61. Bf4 Rc8 62. Nf5 Rg8 63. Ne7 Rd8 64. Nc6 Ra8 65. Ne5 Rg8 66. Nxg4 Rxg4 67.
Rxg4 Kxg4 68. c6 Bb6 69. c7 Bxc7 70. Bxc7 Kf3 71. Bg3 Ke2 72. Kxh3 Kd3 73. Kg4
Kc3 74. Bd6 Kd3 75. Bc5 Kc2 76. Kf4 Kd3 77. Ke5 1-0

[Event "FRA-chT2 0910"]
[Site "France"]
[Date "2009.11.22"]
[Round "4.5"]
[White "Cadiou, Jacques"]
[Black "Murie, Eric"]
[Result "1-0"]
[WhiteElo "1996"]
[BlackElo "2083"]
[PlyCount "115"]
[EventDate "2009.09.27"]
[EventType "team"]
[EventRounds "11"]
[EventCountry "FRA"]
[Source "ChessBase"]
[SourceDate "2010.03.11"]

1. Nf3 Nc6 2. d4 d5 3. c4 Bg4 4. Nc3 Bxf3 5. gxf3 e6 6. cxd5 exd5 7. Bf4 Bb4 8.
e3 Nge7 9. Qc2 Bd6 10. Bg3 a6 11. a3 Qd7 12. Bd3 Qe6 13. O-O-O O-O-O 14. Kb1
Kb8 15. Ne2 g6 16. Rc1 Qd7 17. e4 Bxg3 18. hxg3 Rc8 19. Qc5 Qd6 20. g4 Qxc5 21.
Rxc5 Rcd8 22. e5 h5 23. Rcc1 Rdg8 24. Kc2 Nd8 25. Kd2 Ne6 26. Ke3 Ka7 27. Rh2
hxg4 28. Rxh8 Rxh8 29. fxg4 g5 30. Bf5 c6 31. Rg1 b6 32. Bd3 c5 33. Bf5 Rh3+
34. f3 Nxd4 35. Nxd4 cxd4+ 36. Kxd4 Rxf3 37. e6 fxe6 38. Bxe6 Rf4+ 39. Ke5 Kb7
40. Bxd5+ Nxd5 41. Kxd5 b5 42. Re1 b4 43. Re4 Rf2 44. Rxb4+ Kc7 45. a4 Rd2+ 46.
Ke5 Kc6 47. Rc4+ Kb6 48. b3 Rf2 49. Kd5 Rd2+ 50. Ke6 Rf2 51. Rd4 Rf4 52. Ke5
Rf3 53. b4 Ra3 54. Rd6+ Kb7 55. a5 Rb3 56. Rb6+ Ka7 57. Kf5 Rd3 58. Kxg5 1-0

[Event "FRA-chT2 0910"]
[Site "France"]
[Date "2009.11.22"]
[Round "4.5"]
[White "Iverieli, Luca"]
[Black "Schmitt, Fabien"]
[Result "1/2-1/2"]
[WhiteElo "2138"]
[BlackElo "2145"]
[PlyCount "96"]
[EventDate "2009.09.27"]
[EventType "team"]
[EventRounds "11"]
[EventCountry "FRA"]
[Source "ChessBase"]
[SourceDate "2010.03.11"]

1. d4 Nf6 2. c4 e6 3. Nc3 d5 4. Bg5 Be7 5. e3 Nbd7 6. Nf3 h6 7. Bh4 O-O 8. Rc1
b6 9. cxd5 exd5 10. Bd3 Bb7 11. Bxf6 Nxf6 12. O-O c5 13. Qa4 Bd6 14. Ba6 Qc8
15. Bxb7 Qxb7 16. dxc5 bxc5 17. Qc2 Rab8 18. b3 Rfd8 19. Rfd1 Rd7 20. Qf5 Rbd8
21. g3 Be7 22. Ne5 Rc7 23. Qf3 g6 24. Rc2 d4 25. Qxb7 Rxb7 26. Nc6 Rc8 27.
Nxe7+ Rxe7 28. exd4 cxd4 29. Rxd4 Rec7 30. Rf4 Nh5 31. Rc4 Rxc4 32. bxc4 Rxc4
33. Kf1 f5 34. Ke2 Kf7 35. Kd3 Rc7 36. Rb2 Nf6 37. f3 Ke6 38. a4 Nd7 39. Re2+
Kf7 40. Nb5 Rc6 41. Nxa7 Ra6 42. Nc8 Nc5+ 43. Kd4 Ne6+ 44. Kd5 Ra5+ 45. Kd6
Rxa4 46. Kd7 Nf8+ 47. Kc6 Rc4+ 48. Kb7 Rb4+ 1/2-1/2

[Event "FRA-chT2 0910"]
[Site "France"]
[Date "2009.11.22"]
[Round "4.5"]
[White "Kieffer, Christian"]
[Black "Manet, Eric"]
[Result "1/2-1/2"]
[WhiteElo "2120"]
[BlackElo "2038"]
[PlyCount "140"]
[EventDate "2009.09.27"]
[EventType "team"]
[EventRounds "11"]
[EventCountry "FRA"]
[Source "ChessBase"]
[SourceDate "2010.03.11"]

1. e4 d5 2. exd5 Qxd5 3. Nc3 Qd8 4. d4 Nf6 5. Bf4 c6 6. Qd2 Bf5 7. f3 e6 8. g4
Bg6 9. h4 h5 10. g5 Nd5 11. Nxd5 Qxd5 12. c4 Qf5 13. Bh3 Qd3 14. Qxd3 Bxd3 15.
Rc1 Bb4+ 16. Kf2 O-O 17. a3 Be7 18. Rc3 Bg6 19. Ne2 Rd8 20. Rd1 Nd7 21. Bc7
Rdc8 22. Bg3 Rd8 23. b4 Nf8 24. d5 cxd5 25. cxd5 Rxd5 26. Rxd5 exd5 27. Rc7 Bd8
28. Rxb7 Bb6+ 29. Ke1 Re8 30. Rb8 Rxb8 31. Bxb8 Bd3 32. Nf4 Bc4 33. Kd2 Bf2 34.
Nxh5 Ng6 35. Nf4 Nxh4 36. Bg4 d4 37. Nd3 Be3+ 38. Kc2 a6 39. a4 Bxg5 40. Ne5
Bf1 41. Bc8 Be7 42. Nd3 Bxd3+ 43. Kxd3 Bxb4 44. Bxa6 Nxf3 45. Bb7 Ng5 46. Kxd4
Ne6+ 47. Kc4 Bd2 48. Bd6 Ba5 49. Kb5 Bd8 50. a5 Nd4+ 51. Ka4 Bxa5 52. Kxa5 Ne6
53. Kb4 Nf8 54. Kc4 Ne6 55. Kd5 Nd8 56. Bc8 Ne6 57. Kc6 Nf8 58. Kc7 Nh7 59. Kd8
Nf6 60. Bb7 Kh7 61. Ke7 Kg6 62. Bc6 Ng8+ 63. Kf8 Nf6 64. Be5 Nh7+ 65. Kg8 Nf6+
66. Kh8 Nh5 67. Be4+ f5 68. Bc6 Nf6 69. Bd6 Kf7 70. Ba4 g5 1/2-1/2

[Event "FRA-chT2 0910"]
[Site "France"]
[Date "2009.11.22"]
[Round "4.5"]
[White "Peter, Sebastien"]
[Black "Moldovan, Corina"]
[Result "0-1"]
[WhiteElo "2230"]
[BlackElo "2250"]
[PlyCount "156"]
[EventDate "2009.09.27"]
[EventType "team"]
[EventRounds "11"]
[EventCountry "FRA"]
[Source "ChessBase"]
[SourceDate "2010.03.11"]

1. e4 c5 2. Nf3 d6 3. d4 cxd4 4. Nxd4 Nf6 5. Nc3 Nc6 6. Bc4 Bd7 7. Bb3 g6 8. f4
Nxd4 9. Qxd4 Bg7 10. Be3 O-O 11. Qd3 b5 12. O-O-O a5 13. Nxb5 Nxe4 14. Qxe4
Bxb5 15. a4 Bd7 16. Bd4 Rb8 17. Bxg7 Kxg7 18. Rhe1 Qc8 19. Qd4+ Kg8 20. Rxe7
Rxb3 21. Rxd7 Rxb2 22. Qxb2 Qxd7 23. Qb5 Qc7 24. f5 Rc8 25. Qd3 Qc6 26. fxg6
hxg6 27. Qb3 Qxg2 28. Rxd6 Qf1+ 29. Kb2 Rc4 30. Rb6 Qf4 31. Rb8+ Kg7 32. Rb7
Qe4 33. Kb1 Qh1+ 34. Kb2 Qc6 35. Kb1 Qxa4 36. Qb2+ Rd4 37. Rb3 Kh7 38. Rh3+ Rh4
39. Rxh4+ Qxh4 40. Qe5 Qb4+ 41. Ka2 f5 42. Qf6 Qc4+ 43. Kb2 Qb5+ 44. Ka2 Qe2
45. Qh4+ Kg7 46. Qd4+ Kf7 47. Qa7+ Kf6 48. Qc7 Qd2 49. h4 f4 50. Qc6+ Kg7 51.
Qc5 Kf7 52. h5 gxh5 53. Qxh5+ Kf6 54. Kb1 Qe1+ 55. Ka2 Qb4 56. Qh6+ Kf5 57.
Qh5+ Ke4 58. Qe2+ Kd5 59. Qh5+ Kd4 60. Qd1+ Ke3 61. Qg1+ Kd2 62. Qg2+ Kc3 63.
Qf3+ Kxc2 64. Qc6+ Kd1 65. Qh1+ Qe1 66. Qc6 Qd2+ 67. Kb1 Qb4+ 68. Ka2 a4 69.
Qf3+ Ke1 70. Qh1+ Kf2 71. Qh2+ Ke3 72. Qg1+ Kd3 73. Qf1+ Kc2 74. Qe2+ Qd2 75.
Qb5 Kc3+ 76. Ka3 Qc1+ 77. Ka2 Qc2+ 78. Ka1 Qd1+ 0-1

[Event "FRA-chT2 0910"]
[Site "France"]
[Date "2009.11.22"]
[Round "4.6"]
[White "Bentout, Pascal"]
[Black "Heinrich, Nicolas"]
[Result "1-0"]
[WhiteElo "2160"]
[BlackElo "1955"]
[PlyCount "111"]
[EventDate "2009.09.27"]
[EventType "team"]
[EventRounds "11"]
[EventCountry "FRA"]
[Source "ChessBase"]
[SourceDate "2010.03.11"]

1. d4 d5 2. Nf3 e6 3. c4 c6 4. e3 f5 5. Nc3 Nf6 6. Bd3 Bd6 7. Qc2 Ne4 8. O-O
Qf6 9. cxd5 exd5 10. Nxd5 Qg6 11. Nf4 Bxf4 12. exf4 O-O 13. Ne5 Qd6 14. Be3 Be6
15. Rad1 Qb4 16. a3 Qb3 17. Qxb3 Bxb3 18. Rc1 Rd8 19. f3 Nd6 20. Rfe1 Nd7 21.
Bf2 Nf6 22. Rc3 Bf7 23. Rc5 Nd5 24. g3 Re8 25. b4 a6 26. Rb1 g6 27. a4 Kg7 28.
b5 axb5 29. axb5 Rec8 30. bxc6 bxc6 31. Nxc6 Ra3 32. Ne5 Nc3 33. Rb6 Rd8 34.
Rcc6 Ne8 35. Rb7 Nd6 36. Nxf7 Nxb7 37. Rc7 Rda8 38. Ng5+ Kf8 39. Nxh7+ Ke8 40.
Rxb7 Ra1+ 41. Kg2 R8a2 42. Nf6+ Kd8 43. Rd7+ Kc8 44. Re7 Kd8 45. Re8+ Kc7 46.
Re5 Kd6 47. g4 Rd2 48. Bc4 Ra4 49. Re6+ Kc7 50. Nd5+ Nxd5 51. Bxd5 Raxd4 52.
gxf5 gxf5 53. Bb3 R4d3 54. Bc4 Rd4 55. Be2 Rxf4 56. Bg3 1-0

[Event "FRA-chT2 0910"]
[Site "France"]
[Date "2009.11.22"]
[Round "4.6"]
[White "Brionne, Thierry"]
[Black "Bensaid, Alexandre"]
[Result "1/2-1/2"]
[WhiteElo "2152"]
[BlackElo "1909"]
[PlyCount "140"]
[EventDate "2009.09.27"]
[EventType "team"]
[EventRounds "11"]
[EventCountry "FRA"]
[Source "ChessBase"]
[SourceDate "2010.03.11"]

1. d4 Nf6 2. c4 e6 3. Nc3 c5 4. d5 exd5 5. cxd5 d6 6. e4 g6 7. f4 Bg7 8. Be2
O-O 9. Nf3 Bg4 10. Nd2 Bxe2 11. Qxe2 Na6 12. O-O Nc7 13. a4 Re8 14. Qf3 Qd7 15.
Nc4 Rab8 16. Rd1 h5 17. h3 b5 18. axb5 Nxb5 19. Nxb5 Rxb5 20. e5 dxe5 21. fxe5
Nh7 22. Nd6 Bxe5 23. Nxe8 Qxe8 24. Rxa7 Bd4+ 25. Kh1 Rb6 26. d6 Rxd6 27. Ra8
Rd8 28. Rxd8 Qxd8 29. b4 Qb6 30. bxc5 Qxc5 31. Bh6 Bg7 32. Rd8+ Nf8 33. Bf4 Qe7
34. Qa8 Qb4 35. Bd2 Qc4 36. Qf3 Qc7 37. Ra8 Qd6 38. Bf4 Qb4 39. Qg3 Qb1+ 40.
Kh2 Bd4 41. Be3 Bxe3 42. Qxe3 Qb7 43. Re8 Qc7+ 44. Kh1 Qd6 45. Qf3 Qd7 46. Rb8
Qe7 47. Rb7 Qe1+ 48. Kh2 Qe5+ 49. g3 Qe6 50. h4 Qa2+ 51. Qg2 Qxg2+ 52. Kxg2 Kg7
53. Kf3 Ne6 54. Rb2 Nd4+ 55. Kf4 Nf5 56. Rb5 Nh6 57. Ke5 Ng4+ 58. Kd6 Nf6 59.
Rb3 Ng4 60. Rf3 Nf6 61. Ke7 Ng8+ 62. Ke8 Nf6+ 63. Ke7 Ng8+ 64. Kd6 Nf6 65. Rf4
Ng4 66. Ke7 Nh6 67. Ke8 Kg8 68. Ke7 Kg7 69. Ke8 Kg8 70. Ra4 Kg7 1/2-1/2

[Event "FRA-chT2 0910"]
[Site "France"]
[Date "2009.11.22"]
[Round "4.6"]
[White "Viennot, Dylan"]
[Black "Wegner, Eric"]
[Result "0-1"]
[WhiteElo "1939"]
[BlackElo "2084"]
[PlyCount "120"]
[EventDate "2009.09.27"]
[EventType "team"]
[EventRounds "11"]
[EventCountry "FRA"]
[Source "ChessBase"]
[SourceDate "2010.03.11"]

1. e4 e5 2. Nf3 Nc6 3. Bb5 a6 4. Ba4 Nf6 5. d3 d6 6. c3 Be7 7. Nbd2 O-O 8. O-O
b5 9. Bc2 Bb7 10. Re1 Re8 11. Nf1 Bf8 12. Ng3 g6 13. h3 Bg7 14. Be3 d5 15. Bg5
h6 16. exd5 Qxd5 17. Bxf6 Bxf6 18. Ne4 Be7 19. Qe2 Rad8 20. c4 Qd7 21. Qe3 Kg7
22. Nc5 Bxc5 23. Qxc5 Qd6 24. Qxd6 Rxd6 25. Rac1 Nb4 26. cxb5 Bxf3 27. gxf3
Nxa2 28. Rcd1 axb5 29. d4 Nb4 30. Rxe5 Rxe5 31. dxe5 Rxd1+ 32. Bxd1 Nd3 33. Be2
Nxe5 34. f4 Nc4 35. Bxc4 bxc4 36. Kf1 Kf6 37. Ke2 Kf5 38. Ke3 c5 39. Kf3 Ke6
40. Ke4 f5+ 41. Ke3 Kd5 42. h4 Kc6 43. Kd2 Kd6 44. Kc2 Kc6 45. Kd2 Kb5 46. Kc2
Ka5 47. Kd2 Ka4 48. Kc3 Kb5 49. Kd2 Kb4 50. Kc2 Ka5 51. Kc3 Kb5 52. Kd2 Kb4 53.
Kc2 c3 54. bxc3+ Ka3 55. Kd2 Kb2 56. Kd3 Kb3 57. f3 h5 58. Kd2 c4 59. Ke2 Kxc3
60. Ke3 Kb2 0-1

[Event "FRA-chT2 0910"]
[Site "France"]
[Date "2009.11.22"]
[Round "4.7"]
[White "Bureau, Frederic"]
[Black "Colovray, Anthony"]
[Result "0-1"]
[WhiteElo "2052"]
[BlackElo "1948"]
[PlyCount "110"]
[EventDate "2009.09.27"]
[EventType "team"]
[EventRounds "11"]
[EventCountry "FRA"]
[Source "ChessBase"]
[SourceDate "2010.03.11"]

1. d4 Nf6 2. Nf3 e6 3. Bg5 d5 4. c4 Be7 5. Nc3 O-O 6. e3 Nbd7 7. cxd5 exd5 8.
Bd3 Re8 9. Qc2 h6 10. Bh4 c6 11. h3 Ne4 12. Bxe7 Qxe7 13. O-O-O b5 14. Bxe4
dxe4 15. Nd2 Nf6 16. Nb3 Nd5 17. Nxd5 cxd5 18. Kb1 Bf5 19. Rc1 Rec8 20. Qd2 Qd8
21. Rc5 Rxc5 22. dxc5 Rc8 23. Rc1 Be6 24. Na5 Qc7 25. h4 Rb8 26. b4 a6 27. Nb3
Qh2 28. g3 Qh3 29. c6 Rd8 30. Kb2 Qf5 31. Rc2 Qe5+ 32. Nd4 Qc7 33. a3 Bc8 34.
Rc1 Rd6 35. Qe2 Rf6 36. g4 Qh2 37. Rc2 Qxh4 38. c7 Bxg4 39. Qxg4 Qxg4 40. c8=Q+
Qxc8 41. Rxc8+ Kh7 42. Rc2 h5 43. Kc3 g5 44. f4 exf3 45. Rf2 g4 46. Kd2 Kg6 47.
Ke1 Kg5 48. Kf1 h4 49. Kg1 h3 50. Kh2 Kh4 51. Kg1 Kg3 52. Rf1 h2+ 53. Kh1 Kh3
54. Nxf3 Rxf3 55. Rxf3+ gxf3 0-1

[Event "FRA-chT2 0910"]
[Site "France"]
[Date "2009.11.22"]
[Round "4.7"]
[White "Hartmann, Dominique"]
[Black "Vigneron, Jean"]
[Result "1-0"]
[WhiteElo "1996"]
[BlackElo "1907"]
[PlyCount "121"]
[EventDate "2009.09.27"]
[EventType "team"]
[EventRounds "11"]
[EventCountry "FRA"]
[Source "ChessBase"]
[SourceDate "2010.03.11"]

1. Nf3 f5 2. e4 fxe4 3. Ng5 Nc6 4. Nc3 d5 5. d3 e3 6. fxe3 e5 7. e4 d4 8. Nd5
Nf6 9. Nxf6+ Qxf6 10. a3 Be7 11. Be2 O-O 12. Rf1 Qh6 13. Rxf8+ Kxf8 14. Nf3 Qg6
15. Bf1 Be6 16. Bd2 Kg8 17. Qe2 a5 18. Qf2 Rf8 19. Be2 Kh8 20. Kf1 b6 21. Kg1
Bg4 22. Qg3 Qh5 23. h3 Bxf3 24. Bxf3 Bh4 25. Qxg7+ Kxg7 26. Bxh5 Bf2+ 27. Kh2
Be3 28. Be1 Bf2 29. Bf3 Bxe1 30. Rxe1 Nd8 31. Bg4 Rf2 32. Re2 Rf6 33. g3 Nf7
34. Kg2 c5 35. Rf2 b5 36. Rxf6 Kxf6 37. Bd7 Nd6 38. g4 c4 39. h4 h6 40. Kf3 b4
41. axb4 axb4 42. Ke2 c3 43. bxc3 bxc3 44. Kd1 Ke7 45. Bc6 Nf7 46. Bd5 Nd6 47.
g5 hxg5 48. hxg5 Nb5 49. Ke2 Na3 50. Bb3 Nb1 51. Kf2 Nd2 52. Bd5 Kf8 53. Kg3
Nf1+ 54. Kh4 Kg7 55. Kh5 Ne3 56. Bb3 Ng2 57. Ba4 Ne3 58. g6 Nf1 59. Kg5 Nd2 60.
Kf5 Nf3 61. Bb3 1-0

[Event "FRA-chT2 0910"]
[Site "France"]
[Date "2009.11.22"]
[Round "4.7"]
[White "Ledoux, Alain"]
[Black "Antic, Mickael"]
[Result "1-0"]
[WhiteElo "1938"]
[BlackElo "1998"]
[PlyCount "159"]
[EventDate "2009.09.27"]
[EventType "team"]
[EventRounds "11"]
[EventCountry "FRA"]
[Source "ChessBase"]
[SourceDate "2010.03.11"]

1. e4 c5 2. Nf3 Nc6 3. c3 d5 4. Bb5 e6 5. Qe2 Nge7 6. O-O g6 7. d4 cxd4 8. Nxd4
Bg7 9. exd5 Qxd5 10. Rd1 Qe5 11. Be3 O-O 12. Nxc6 bxc6 13. Ba4 Qa5 14. Bb3 Ba6
15. Qf3 Nd5 16. Nd2 Nxe3 17. Qxe3 Qb6 18. Qe4 Rfd8 19. Nf3 c5 20. Rd2 Bb7 21.
Qe2 Rxd2 22. Nxd2 Qc6 23. f3 a5 24. Rd1 a4 25. Bc4 a3 26. Ne4 Qc7 27. b3 Bxe4
28. Qxe4 Rd8 29. Rd3 Bf6 30. g3 Rxd3 31. Bxd3 Bxc3 32. Qa8+ Kg7 33. Qxa3 Qd6
34. Qa6 Qd4+ 35. Kg2 Be1 36. Be2 h5 37. Qc4 Qf2+ 38. Kh3 Qe3 39. Qe4 Qg1 40.
Qe5+ Kh7 41. Bd3 Bf2 42. Qxh5+ Kg7 43. Qe5+ Kh7 44. Qe2 Bd4 45. f4 Qc1 46. a4
Qa3 47. Bc4 Qb4 48. g4 Kg7 49. Kg2 Qb8 50. Kf3 Qh8 51. Kg3 Bf6 52. a5 Bh4+ 53.
Kg2 Qa8+ 54. Kh3 Qh8 55. a6 Bg5+ 56. Kg3 Qh4+ 57. Kf3 Qh3+ 58. Ke4 f5+ 59. Ke5
Qc3+ 60. Kxe6 Bxf4 61. Kd7 Qd4+ 62. Ke8 Bg5 63. Qd3 Qe5+ 64. Kd7 Qe7+ 65. Kc6
Kh6 66. gxf5 Qe8+ 67. Qd7 Qa8+ 68. Kb5 Qb8+ 69. Kxc5 Be3+ 70. Kd5 Qa8+ 71. Qc6
Qd8+ 72. Qd6 Qa8+ 73. Ke5 Qe8+ 74. Be6 Qb5+ 75. Ke4 Bc5 76. Qd2+ Kg7 77. Qc3+
Kh7 78. fxg6+ Kxg6 79. Bf5+ Kh6 80. Qf6+ 1-0

[Event "FRA-chT2 0910"]
[Site "France"]
[Date "2009.11.22"]
[Round "4.7"]
[White "Lemoine, Thomas"]
[Black "Maillot, Fabien"]
[Result "1/2-1/2"]
[WhiteElo "2004"]
[BlackElo "2055"]
[PlyCount "91"]
[EventDate "2009.09.27"]
[EventType "team"]
[EventRounds "11"]
[EventCountry "FRA"]
[Source "ChessBase"]
[SourceDate "2010.03.11"]

1. d4 Nf6 2. c4 e6 3. Nc3 Bb4 4. f3 d5 5. e3 O-O 6. Bd3 c5 7. Nge2 Nc6 8. O-O
b6 9. a3 Bxc3 10. bxc3 Bb7 11. cxd5 Nxd5 12. e4 Nxc3 13. Qc2 Nxe2+ 14. Qxe2
Nxd4 15. Qe3 Rc8 16. Ra2 c4 17. Be2 e5 18. f4 f6 19. Bg4 Rc6 20. Raf2 exf4 21.
Rxf4 Re8 22. Bb2 Ne6 23. Rxf6 c3 24. Bxc3 Rxc3 25. Bxe6+ Rxe6 26. Rf8+ Qxf8 27.
Rxf8+ Kxf8 28. Qxc3 Bxe4 29. g3 Kf7 30. Kf2 h5 31. h4 Bf5 32. Qc7+ Re7 33. Qc4+
Kf8 34. Kf3 g6 35. Qd4 Ke8 36. Qd6 Rd7 37. Qb8+ Ke7 38. Kf4 Ke6 39. Qe5+ Kf7
40. Kg5 Re7 41. Qf6+ Ke8 42. Qd6 Re6 43. Qb8+ Kd7 44. Qxa7+ Kc6 45. Qa8+ Kb5
46. Qf8 1/2-1/2

[Event "FRA-chT2 0910"]
[Site "France"]
[Date "2009.11.22"]
[Round "4.7"]
[White "Villeseche, Yoann"]
[Black "Bleuzen, Cedric"]
[Result "1-0"]
[WhiteElo "1934"]
[BlackElo "2054"]
[PlyCount "85"]
[EventDate "2009.09.27"]
[EventType "team"]
[EventRounds "11"]
[EventCountry "FRA"]
[Source "ChessBase"]
[SourceDate "2010.03.11"]

1. e4 e6 2. d4 d5 3. exd5 exd5 4. Bd3 Nf6 5. Ne2 Bg4 6. f3 Be6 7. Ng3 Bd6 8.
Nf5 Bxf5 9. Bxf5 O-O 10. O-O Nh5 11. g3 Qf6 12. Bg4 Qg6 13. f4 Nf6 14. Bf3 Nc6
15. c4 dxc4 16. f5 Qxf5 17. Bxc6 Qg6 18. Bg2 Nh5 19. Qf3 f5 20. Bf4 Nxf4 21.
gxf4 c6 22. Nc3 Rad8 23. Rad1 a6 24. Qe2 b5 25. Kh1 Bb8 26. d5 Rfe8 27. Qf2 b4
28. Na4 Qd6 29. Qd4 c3 30. bxc3 bxc3 31. Nxc3 g5 32. Qc4 c5 33. Rfe1 gxf4 34.
Rxe8+ Rxe8 35. Bf3 Re5 36. Rf1 Kg7 37. Nd1 Re7 38. Qc3+ Kf8 39. Qc2 Re3 40. Qc4
Re7 41. Rg1 Qf6 42. Qf1 Qh4 43. Qxa6 1-0

[Event "FRA-chT2 0910"]
[Site "France"]
[Date "2009.11.22"]
[Round "4.8"]
[White "Alarcon, Eric"]
[Black "Mamah, Isabelle"]
[Result "1/2-1/2"]
[WhiteElo "1970"]
[BlackElo "1720"]
[PlyCount "104"]
[EventDate "2009.09.27"]
[EventType "team"]
[EventRounds "11"]
[EventCountry "FRA"]
[Source "ChessBase"]
[SourceDate "2010.03.11"]

1. e4 c5 2. b3 Nf6 3. e5 Nd5 4. Bb2 Nc6 5. Nf3 g6 6. e6 f6 7. exd7+ Bxd7 8. Nc3
Nxc3 9. Bxc3 e5 10. d3 Qc7 11. g3 O-O-O 12. Bg2 Bg4 13. h3 Be6 14. Qe2 Bh6 15.
O-O Rhe8 16. a3 Kb8 17. Rfe1 Nd4 18. Qd1 Bg7 19. h4 h5 20. Qb1 Bg4 21. Bxd4
cxd4 22. Nd2 Rc8 23. Ra2 Bh6 24. Ne4 Qe7 25. b4 Be6 26. Rb2 b6 27. Nc5 Kc7 28.
Nxe6+ Qxe6 29. Qd1 Kd6 30. Qf3 Re7 31. b5 Rec7 32. Rb4 Bd2 33. Rxd4+ Ke7 34.
Re2 Rxc2 35. Ra4 R8c7 36. d4 R2c3 37. Qe4 Qb3 38. dxe5 f5 39. Qd4 Rd3 40. Rxd2
Rxd4 41. Raxd4 Qxb5 42. R4d3 Qc5 43. Kh2 b5 44. f4 a5 45. Rd5 Qxa3 46. Rxb5 Qc3
47. Ra2 Ra7 48. Bd5 a4 49. Rb6 Rd7 50. Bg2 Qa5 51. Rbb2 a3 52. Rb3 Ra7 1/2-1/2